000 00304 a2200157 4500
001 184826
020 _a0-582-41661-2
040 _cMagnum
100 _aHarvey, Paul
240 1 0 _aSurfer!
_lING
245 1 0 _aSurfer!
300 _a
362 0 _a1996
697 _aLITERATURA INGLESA
942 _cBK
999 _c184826
_d184826